| 000 | 00465nam a22001217a 4500 | ||
|---|---|---|---|
| 999 |
_c18786 _d18786 |
||
| 008 | 210211b xxu||||| |||| 00| 0 eng d | ||
| 050 |
_aGMB0853 _b.O53 2019 c.1 |
||
| 100 | _aOndari, Monica Nyansarora | ||
| 245 |
_aEffect of selected human resource management practices on employee performance at Equator Bottlers limited in Kisumu _cMonica Nyansarora Ondari |
||
| 260 |
_aKabarak, Nakuru, Kenya _bKabarak University _c2019 |
||
| 300 | _a69 leaves | ||
| 942 |
_2lcc _cTHE |
||